The Adventures of Asterix Books - Statistics

General Stats
  • This quiz has been taken 52 times
  • The average score is 14 of 40
Answer Stats
Year of Publication Answer % Correct
1961 Asterix {the Gaul}
90%
1965 Asterix and {Cleopatra}
86%
1979 Asterix in {Belgium}
72%
1966 Asterix in {Britain}
69%
1969 Asterix in {Spain}
66%
1968 Asterix at {the Olympic Games}
62%
1962 Asterix and {the Golden Sickle}
59%
1970 Asterix in {Switzerland}
55%
1983 Asterix and {Son}
52%
1963 Asterix and {the Goths}
52%
1975 Asterix and {the Great Crossing}
52%
1976 Obelix and Co.
48%
1964 Asterix {the Gladiator}
45%
1969 Asterix and {the Cauldron}
41%
1967 Asterix and {the Normans}
41%
1970 Asterix and {the Roman Agent}
41%
1973 Asterix in {Corsica}
41%
1967 Asterix {the Legionary}
41%
1966 Asterix and {the Big Fight}
38%
1981 Asterix and {the Black Gold}
34%
1980 Asterix and {the Great Divide}
34%
1965 Asterix and {the Banquet}
31%
1987 Asterix and {the Magic Carpet}
28%
2013 Asterix and {the Picts}
28%
1972 Asterix and {the Soothsayer}
28%
1971 The Mansions of the Gods
28%
1972 Asterix and {the Laurel Wreath}
24%
1967 Asterix and {the Chieftain's Shield}
21%
2021 Asterix and {the Griffin}
21%
1974 Asterix and {Caesar's Gift}
17%
1996 Asterix and Obelix {All at Sea}
14%
2001 Asterix and {the Actress}
10%
2005 Asterix and {the Falling Sky}
10%
1991 Asterix and {the Secret Weapon}
10%
2023 Asterix and {the White Iris}
10%
2017 Asterix and {the Chariot Race}
7%
2003 Asterix and {the Class Act}
7%
2015 Asterix and {the Missing Scroll}
7%
2009 Asterix and Obelix's Birthday: The Golden Book
3%
2019 Asterix and {the Chieftain's Daughter}
3%
No matching quizzes found
Score Distribution
Percent of People with Each Score
Percentile by Number Answered
Your Score History
You have not taken this quiz